Slice of Silence/ (Record no. 208963)

MARC details
000 -LEADER
fixed length control field 00676nam a22002057a 4500
005 - DATE AND TIME OF LATEST TRANSACTION
control field 20250210150715.0
010 ## - LCCN (DPL NO)
LC control number ENG-143736
020 ## - INTERNATIONAL STANDARD BOOK NUMBER
Terms of availability 499.00
International Standard Book Number 9788119798506
035 ## - SYSTEM CONTROL NUMBER
System control number EN-127268
037 ## - SOURCE OF ACQUISITION
Source of stock number/acquisition DBAD
082 ## - DEWEY DECIMAL CLASSIFICATION NUMBER
Classification number 881
Edition number 1
100 ## - MAIN ENTRY--PERSONAL NAME
Personal name Nayak, Rankita
245 ## - TITLE STATEMENT
Title Slice of Silence/
Statement of responsibility, etc by Ranjita Nayak [and] Translated By Bhagaban Jayasingh
250 ## - EDITION STATEMENT
Edition statement 1
260 ## - PUBLICATION, DISTRIBUTION, ETC. (IMPRINT)
Place of publication, distribution, etc New Delhi
Name of publisher, distributor, etc Har-Anand Publications Pvt Ltd
Date of publication, distribution, etc 2024
270 ## - ADDRESS
City New Delhi
Postal code 110020
Address E-49/3, Okhla Industrial Area, Phase II
Electronic mail address info@haranandbooks.com
300 ## - PHYSICAL DESCRIPTION
Extent 102p.
Dimensions 21cm(pb)
700 ## - ADDED ENTRY--PERSONAL NAME
Personal name Jayasingh, Bhagaban
Relator term Translator
9 (RLIN) 77463
942 ## - ADDED ENTRY ELEMENTS (KOHA)
Source of classification or shelving scheme Dewey Decimal Classification
Item type English Books
Call number suffix NAY
Classification part 881
Holdings
Withdrawn status Lost status Not for loan Collection code Home library Current library Date acquired Source of acquisition Cost, normal purchase price Full call number Barcode Copy number Cost, replacement price Koha item type
      Non-fiction Central Library Central Library 10/02/2025 Delivery of Books Act Division 499.00 NAY 881 EN-127268 1 499.00 English Books

© Delhi Public Library
Hit Counter
free hit counter